00885nam a2200181 a 450000100100000000500170001000800410002704000250006808200160009311000750010924500800018426000950026430000220035904900090038195201140039095201820050499900170068600003218820200930063514.0110713s1976 dr 000 0 spa d aDO-SdBNPbspacBNPHU axxxxbC744p2 aAsociación Dominicana de Profesionales en la Administración95826810aConclusiones del primer congreso de administración :blista de asociados. a[Santo Domingo :bAsociación Dominicana de Profesionales en la Administración,c1976]. a[18 p.] ;c21 cm. aBNPD 0010718PDaPDbPDcCTd2011-07-13iLF1l0oxxxx C744pp32188-10r2020-06-25w2020-06-25yLFPDZNo se presta 001050718RVaPDbPDcHDd2011-07-13iLF1l0oxxxx C744pp32189-10r2020-06-25w2020-06-25y1zPerteneció a la biblioteca personal de Carlos Larrabazal Blanco.ZNo se presta c31679d31679